| 000 | 00638nam a2200217Ia 4500 | ||
|---|---|---|---|
| 003 | GCL | ||
| 008 | 140319s9999 xx 000 0 ara d | ||
| 040 |
_aGCL / _cGCL |
||
| 082 | 0 | 4 |
_a791.347 _bى ص |
| 100 | 1 | _aاحمد الحضرى | |
| 245 | 1 | 0 |
_aصناعة الافلام : من السيناريو الى الشاشة / _cاحمد الحضرى |
| 700 | 1 | _aيوكانان، اندرو | |
| 490 | _a | ||
| 650 | 0 | 4 | _aالسينما |
| 650 | 0 | 4 | _aالاخراج السينمائى |
| 650 | 0 | 4 | _aالافلام |
| 650 | 0 | 4 | _aالافلاج |
| 650 | 0 | 4 | _aالافلام - عرض |
| 650 | 0 | 4 | _aالسيناريو |
| 942 |
_2ddc _cBK |
||
| 999 |
_c40396 _d40396 |
||